| 000 | 00783nam a2200241 u 4500 | ||
|---|---|---|---|
| 001 | 67208 | ||
| 005 | 20221207114159.0 | ||
| 008 | 170421s2008 xxu r 000 0 eng d | ||
| 020 | _a9781587432231 | ||
| 040 | _erda | ||
| 041 | 0 | _aeng | |
| 082 | 0 |
_a241.042 _bMAT |
|
| 100 | 1 |
_aMattison, William C., _cIII, _d1971- _eautor _94209 |
|
| 245 | 1 | 0 |
_aIntroducing moral theology : _btrue happiness and virtues / _cWilliam C. Mattison III. |
| 250 | _a[First edition] | ||
| 264 | 1 |
_aUnited States of America : _bBrazos Press, _c2008 |
|
| 300 |
_a429 páginas ; _c23 cm. |
||
| 336 |
_atexto _2rdacontent _btxt |
||
| 337 |
_asin medio _2rdamedia _bn |
||
| 338 |
_avolumen _2rdacarrier _bnc |
||
| 650 | 4 |
_aÉtica cristiana _xAutores católicos |
|
| 999 |
_c67208 _d67208 |
||
| 942 |
_h241.042 _iMAT _cLI |
||